Suosituimmat tyttöjen nimet 2025 - Statistics

Yleistilastot
  • Tätä visaa on pelattu 111 kertaa
  • Keskiarvotulos 22 / 50
Vastaustilastot
Nro Nimi % Oikein
1. Olivia
88%
3. Aino
84%
17. Elli
77%
8. Aada
74%
29. Emilia
72%
27. Emma
72%
16. Ella
70%
13. Helmi
69%
12. Ellen
64%
7. Sofia
62%
34. Enni
61%
5. Aava
59%
20. Elsa
58%
25. Venla
58%
40. Vilma
58%
33. Alisa
53%
9. Eevi
53%
50 Viivi
53%
48. Amanda
51%
6. Lilja
50%
11. Hilla
49%
2. Linnea
47%
49. Nella
46%
43. Alina
45%
32. Hilma
45%
24. Pihla
45%
38. Minea
43%
10. Isla
42%
28. Ilona
41%
15. Kerttu
39%
22. Alma
38%
19. Elsi
38%
4. Viola
38%
21. Matilda
36%
39. Lumi
35%
18. Seela
32%
26. Aurora
31%
35. Selma
31%
46. Saimi
30%
23. Hilda
27%
42. Amelia
24%
45. Hertta
23%
14. Livia
23%
31. Alva
20%
44. Bea
19%
37. Vivian
18%
36. Elea
16%
41. Mette
16%
30. Frida
14%
47. Stella
14%
Ehtoja vastaavia visoja ei löytynyt
Tulosjakauma
Jokaisen tuloksen saaneiden osuus
Persentiili vastausten määrän mukaan
Tuloshistoriasi
Et ole pelannut tätä visaa